000 00339nam a22001457a 4500
008 230405b |||||||| |||| 00| 0 eng d
020 _a978-1-529-15024-7
082 _a813.54
100 _aKiersten White
245 _aHide
260 _bDelrey,
_c2022
300 _a240 p.
_c23 cm
942 _2ddc
999 _c9503
_d9504